000 00654nam a2200217Ia 4500
003 OSt
005 20221007075344.0
006 a|||||r|||| 00| 0
007 ta
008 221006b |||||||| |||| 00| 0 eng d
024 _a26,909
037 _cReports / Technical Reports
040 _aFLL
_cFLL
_beng
041 _2eng
_aeng
082 _aU42:73, K8
245 0 _aMigration of Indian engineers, scientists & physicians to the United States
260 _aNew Delhi
_bInstitute of Applied Manpower Research India
_c1968
300 _ax,1-87p
_ccm.
942 _hU42:73, K8
_cREP
_2CC
999 _c1155774
_d1155774